Careless Whisper Lyrics - Statistics

General Stats
  • This quiz has been taken 399 times
  • The average score is 22 of 26
Answer Stats
Line Missing Word % Correct
I'm never gonna dance _____ Again
97%
So I'm never gonna dance ____, The way I danced with you Again
97%
So I'm never gonna dance again, The way I danced with _____ You
95%
______ feet have got no rhythm Guilty
93%
But no one's gonna dance with ___, Please Stay Me
93%
As the music dies, something in your ____ Eyes
92%
Though it's easy to ______ Pretend
92%
Though it's easy to _____, I know you're not a fool Pretend
92%
I know you're not a ____ Fool
91%
Maybe it's better this way, We'd hurt each other with the things we'd want to ____ Say
91%
And waste the ____ that I've been given Chance
90%
As I take your hand and lead you to the _____ ______ Dance Floor
90%
Tonight the music seems so ____ Loud
90%
We could have been so good _______ Together
90%
Should've known better than to ____ a friend Cheat
89%
We could have lived this dance _____ Forever
89%
Should've known better than to cheat a friend, And waste the chance that I've been ______ Given
86%
I wish that we could lose this ______ Crowd
85%
I'm never gonna dance again, Guilty feet have got no ______ Rhythm
85%
I Feel So ______ Unsure
80%
The ________ _______ of a good friend Careless Whisper
76%
There's no comfort in the truth, ____ is all you'll find Pain
74%
Time can never____ Mend
69%
Calls to _____ A Silver Screen Mind
67%
And all its ___ good-byes Sad
66%
To the heart and mind, _______ is kind Ignorance
62%
No matching quizzes found
Score Distribution
Percent of People with Each Score
Percentile by Number Answered
Your Score History
You have not taken this quiz